000 00302nam a22001337a 4500
008 170411b xxu||||| |||| 00| 0 eng d
020 _a9780132437127
041 _aeng
080 _22ND
_a612.39
100 _a10
101 _aSHM
245 _aNUTRITION & DIET THERAPY
_cHOGAN, M.A
942 _2udc
_cBK
999 _c10445
_d10445